<?xml version="1.0" encoding="UTF-8"?>
<record
    xmlns:xsi="http://www.w3.org/2001/XMLSchema-instance"
    xsi:schemaLocation="http://www.loc.gov/MARC21/slim http://www.loc.gov/standards/marcxml/schema/MARC21slim.xsd"
    xmlns="http://www.loc.gov/MARC21/slim">

  <leader>02177nam a2200373uu 4500</leader>
  <controlfield tag="001">1540494</controlfield>
  <controlfield tag="005">20260508094225.0</controlfield>
  <controlfield tag="008">200124s1976                        spa  </controlfield>
  <datafield tag="035" ind1=" " ind2=" ">
    <subfield code="a">1540494</subfield>
  </datafield>
  <datafield tag="040" ind1=" " ind2=" ">
    <subfield code="c">comduadb</subfield>
  </datafield>
  <datafield tag="041" ind1=" " ind2=" ">
    <subfield code="a">spa</subfield>
  </datafield>
  <datafield tag="082" ind1=" " ind2="4">
    <subfield code="a">891</subfield>
  </datafield>
  <datafield tag="100" ind1="1" ind2="0">
    <subfield code="a">Todorov, Tzvetan,</subfield>
    <subfield code="d">1939-2017</subfield>
    <subfield code="4">com</subfield>
    <subfield code="0">(isni)0000 0001 2135 587X</subfield>
    <subfield code="0">(viaf)61553092</subfield>
    <subfield code="e">com</subfield>
    <subfield code="9">701903</subfield>
  </datafield>
  <datafield tag="245" ind1="1" ind2="0">
    <subfield code="a">Teor&#xED;a de la literatura de los formalistas rusos</subfield>
  </datafield>
  <datafield tag="246" ind1="1" ind2=" ">
    <subfield code="a">Th&#xE9;orie de la literature.</subfield>
  </datafield>
  <datafield tag="250" ind1=" " ind2=" ">
    <subfield code="a">2. edici&#xF3;n</subfield>
  </datafield>
  <datafield tag="260" ind1=" " ind2=" ">
    <subfield code="a">Buenos Aires :</subfield>
    <subfield code="b">Siglo XXI Editores,</subfield>
    <subfield code="c">1976.</subfield>
  </datafield>
  <datafield tag="300" ind1=" " ind2=" ">
    <subfield code="a">235 p&#xE1;ginas.</subfield>
  </datafield>
  <datafield tag="505" ind1=" " ind2=" ">
    <subfield code="a">CONTENIDO : Hacia una ciencia del arte po&#xE9;tico / R. Jakobson. -- La teor&#xED;a del "m&#xE9;todo formal" / B. Eichenbaum. -- El arte como artificio / V. Shklovski. -- Sobre el realismo art&#xED;stico / R. Jakobson. -- Sobre la tarea de la estil&#xED;stica / V. V. Vinogradov. -- La noci&#xF3;n de construcci&#xF3;n / J. Tinianov.. -- Sobre la evoluci&#xF3;n literaria / J. Tinianov. -- Problemas de los estudios literarios y ling&#xFC;&#xED;sticos / J. Tinianov y R. Jakobson. -- Ritmo y sintaxis / O. Brik. -- Sobre el verso / B. Tomachevski. -- La construcci&#xF3;n de la "nouvelle" y de la novela / V. Shklovski. -- Sobre la teor&#xED;a de la prosa / B. Eichenbaum. -- Como est&#xE1; hecho El capote de Gogol / B. Eichenbaum. -- Las transformaciones de los cuentos fant&#xE1;sticos / V. Propp. -- Tem&#xE1;tica / B. Tomachevski. -- Nota bibliogr&#xE1;fica.</subfield>
  </datafield>
  <datafield tag="650" ind1=" " ind2=" ">
    <subfield code="a">Formalismo ruso</subfield>
    <subfield code="9">10919</subfield>
  </datafield>
  <datafield tag="650" ind1=" " ind2="7">
    <subfield code="a">Preceptiva literaria</subfield>
    <subfield code="2">embne</subfield>
    <subfield code="9">43722</subfield>
  </datafield>
  <datafield tag="650" ind1=" " ind2=" ">
    <subfield code="a">Literatura rusa - Siglo XX</subfield>
    <subfield code="9">40992</subfield>
  </datafield>
  <datafield tag="650" ind1=" " ind2=" ">
    <subfield code="a">Literatura rusa - Historia y cr&#xED;tica - Siglo XX</subfield>
    <subfield code="9">51619</subfield>
  </datafield>
  <datafield tag="700" ind1="1" ind2="0">
    <subfield code="a">Jakobson, Roman,</subfield>
    <subfield code="d">1896-1982</subfield>
    <subfield code="4">aut</subfield>
    <subfield code="e">aut</subfield>
    <subfield code="9">434617</subfield>
  </datafield>
  <datafield tag="700" ind1="1" ind2="0">
    <subfield code="a">Tinianov, Iuri</subfield>
    <subfield code="4">aut</subfield>
    <subfield code="e">aut</subfield>
    <subfield code="9">472764</subfield>
  </datafield>
  <datafield tag="700" ind1="1" ind2="0">
    <subfield code="a">Eichenbaum, Boris,</subfield>
    <subfield code="d">1886-1959</subfield>
    <subfield code="4">aut</subfield>
    <subfield code="e">aut</subfield>
    <subfield code="9">801752</subfield>
  </datafield>
  <datafield tag="700" ind1="1" ind2="0">
    <subfield code="a">Brik, &#xD3;sip,</subfield>
    <subfield code="d">1888-1945</subfield>
    <subfield code="4">aut</subfield>
    <subfield code="e">aut</subfield>
    <subfield code="9">799565</subfield>
  </datafield>
  <datafield tag="700" ind1="1" ind2="0">
    <subfield code="a">Shklovski, V&#xED;ctor</subfield>
    <subfield code="4">aut</subfield>
    <subfield code="e">aut</subfield>
    <subfield code="9">704383</subfield>
  </datafield>
  <datafield tag="700" ind1="1" ind2="0">
    <subfield code="a">Vinogradov, Viktor Vladimirovich,</subfield>
    <subfield code="d">1895-1969</subfield>
    <subfield code="4">aut</subfield>
    <subfield code="e">aut</subfield>
    <subfield code="9">798253</subfield>
  </datafield>
  <datafield tag="700" ind1="1" ind2="0">
    <subfield code="a">Tomachevski, Boris</subfield>
    <subfield code="4">aut</subfield>
    <subfield code="e">aut</subfield>
    <subfield code="9">480503</subfield>
  </datafield>
  <datafield tag="700" ind1="1" ind2="0">
    <subfield code="a">Propp, Vladimir Jakovlevi&#x10D;</subfield>
    <subfield code="d">1895-1970</subfield>
    <subfield code="4">aut</subfield>
    <subfield code="e">aut</subfield>
    <subfield code="9">252347</subfield>
  </datafield>
  <datafield tag="700" ind1="1" ind2="0">
    <subfield code="a">Nethol, Ana Maria</subfield>
    <subfield code="4">trl</subfield>
    <subfield code="e">trl</subfield>
    <subfield code="9">261940</subfield>
  </datafield>
  <datafield tag="942" ind1=" " ind2=" ">
    <subfield code="c">BOOK</subfield>
  </datafield>
  <datafield tag="999" ind1=" " ind2=" ">
    <subfield code="c">820413</subfield>
    <subfield code="d">820413</subfield>
  </datafield>
  <datafield tag="952" ind1=" " ind2=" ">
    <subfield code="0">0</subfield>
    <subfield code="1">0</subfield>
    <subfield code="4">0</subfield>
    <subfield code="7">0</subfield>
    <subfield code="8">COLIT</subfield>
    <subfield code="a">BC</subfield>
    <subfield code="b">BC</subfield>
    <subfield code="d">2020-01-24</subfield>
    <subfield code="e">Material pagado por otro t&#xED;tulo</subfield>
    <subfield code="g">40000.00</subfield>
    <subfield code="i">C1325745</subfield>
    <subfield code="l">4</subfield>
    <subfield code="m">2</subfield>
    <subfield code="o">891.709042 T314</subfield>
    <subfield code="p">01085875</subfield>
    <subfield code="r">2024-08-14 00:00:00</subfield>
    <subfield code="s">2024-05-07</subfield>
    <subfield code="t">1</subfield>
    <subfield code="w">2023-05-04</subfield>
    <subfield code="y">BOOK</subfield>
  </datafield>
</record>
